|
|
|
|
| LEADER |
00000cam a2200000 7i4500 |
| 001 |
0000000368 |
| 005 |
20040401.0 |
| 090 |
0 |
0 |
|a 634.920959514
|b NOA 1958
|
| 100 |
1 |
0 |
|a NOAKES
|h D. S. P.
|
| 245 |
1 |
2 |
|a A working plan for the Matang Mangrove Forest Reserve, Perak
|c by Gan Boon Keong
|
| 260 |
0 |
0 |
|a Kuala Lumpur :
|b Government of the Federation of Malaya ,
|c 1958
|
| 300 |
|
|
|a viii, 173 p. :
|b plates ;
|c 25 cm.
|
| 650 |
0 |
0 |
|a Forest reserves
|z Perak
|z Matang
|
| 650 |
0 |
0 |
|a Hutan Simpan Paya Bakau Matang
|
| 650 |
0 |
0 |
|a Mangrove swamps
|z Perak
|z Matang
|
| 710 |
1 |
1 |
|a Federation of Malaya ,
|c Forest Department
|
| 998 |
|
|
|a JPSM
|
| 999 |
|
|
|a 0000001535
|b Monograph
|c Reference
|e Default branch
|
| 999 |
|
|
|a 0000001537
|b Monograph
|c Open Shelf
|e Default branch
|